තක්සලාවේ සැණකෙළි (Record no. 75290)
[ view plain ]
| 000 -LEADER | |
|---|---|
| fixed length control field | 00452nam a2200169Ia 4500 |
| 008 - FIXED-LENGTH DATA ELEMENTS--GENERAL INFORMATION | |
| fixed length control field | 121030t1991 xxu||||| |||| 00| 0 sin d |
| 041 ## - LANGUAGE CODE | |
| Language code of text/sound track or separate title | Sinhala; Sinhalese |
| 080 ## - UNIVERSAL DECIMAL CLASSIFICATION NUMBER | |
| Universal Decimal Classification number | X8S1 |
| Item number | SOO |
| 942 ## - ADDED ENTRY ELEMENTS (KOHA) | |
| Koha item type | Books |
| 003 - CONTROL NUMBER IDENTIFIER | |
| control field | LK-CoDNM |
| 040 ## - CATALOGING SOURCE | |
| Original cataloging agency | LK-CoDNM |
| Modifying agency | LK-CoDNM |
| Description conventions | LK-CoDNM |
| 100 ## - MAIN ENTRY--PERSONAL NAME | |
| Personal name | Vimal Sooriyaarachchi |
| 245 ## - TITLE STATEMENT | |
| Title | තක්සලාවේ සැණකෙළි |
| 246 ## - VARYING FORM OF TITLE | |
| Title proper/short title | Thaksalave Senakeli |
| 260 ## - PUBLICATION, DISTRIBUTION, ETC. (IMPRINT) | |
| Name of publisher, distributor, etc. | Guru Gedara |
| Place of publication, distribution, etc. | Colombo 03 |
| Date of publication, distribution, etc. | 1991 |
| 300 ## - PHYSICAL DESCRIPTION | |
| Other physical details | 140p., 21 cm |
No items available.


